USA From A-Z #2 - Statistics

General Stats
  • This quiz has been taken 82 times
  • The average score is 17 of 26
Answer Stats
# Hint Answer % Correct
L The Disney movie including characters like Simba, Timon, and Pumbaa Lion King
94%
K President assassinated in Dallas John F. Kennedy
92%
A The city with the biggest airport in the world. Atlanta
89%
B Country located about 110 miles from Florida. Bahamas
89%
V Where the US fought a war from 1955-1975. Vietnam
84%
H The US annexed this in 1898. Hawaii
83%
T This thing happened in Boston on December 16, 1773. Tea Party!
81%
Y The national park located mostly in Wyoming that is known for its geysers. Yellowstone
80%
O The largest city in Nebraska. Omaha
78%
U The state settled by Bringham Young. Utah
78%
Z The creator of Facebook. Mark Zuckerburg
77%
G One of the battles that was known as the turning point of the Civil War. Gettysburg
75%
P The #1 university in the US (according to usnews.com). Princeton
64%
N The city known as "The Big Easy". New Orleans
63%
C The capital of New Hampshire. Concord
61%
J What was the first British colony in the Americas? Jamestown
59%
F The state nickname of Delaware. The {First} State
59%
D When people set their clocks backwards or forwards {Daylight Savings} Time
58%
I Fill in the blank: One nation, under god, _______, with liberty and justice for all. Indivisible
52%
S Dallas's NHL team. Stars
50%
M The belief that the US HAD to expand their territory westward across the Americas. Manifest Destiny
42%
R The famous "lost colony" founded by Sir Walter Raleigh. Roanoke
42%
W Where Army University is located. West Point
42%
E The motto of the US in Latin. ("In God We Trust") E Pluribus Unum
28%
Q San Jose's MLS team. Quakes
23%
X The largest incorporated place in the US that starts with X. Xenia
14%
No matching quizzes found
Score Distribution
Percent of People with Each Score
Percentile by Number Answered
Your Score History
You have not taken this quiz